| 000 | 00724cam a2200205 i 4500 | ||
|---|---|---|---|
| 005 | 20251108163330.0 | ||
| 008 | 250721s2010 jo gr 000 0 ara d | ||
| 020 | _a9789957506353 | ||
| 082 | 1 | 4 |
_a155.2 _bم ر ى |
| 100 | 1 |
_aمريزيق، هشام يعقوب _eمؤلف. |
|
| 245 | 1 | 2 |
_aالثقافة السيكولوجية المعاصرة / _cتأليف أ. هشام يعقوب مريزيق. |
| 250 | _aالطبعة الأولى. | ||
| 264 | 3 | 1 |
_aعمان : _bعماد الدين للنشر و التوزيع، _c2010. |
| 300 | _a223 صفحة. | ||
| 650 | 1 | 7 | _aعلم النفس الفردي. |
| 650 | 1 | 7 | _aالسيكولوجيا. |
| 650 | 1 | 7 | _aالثقافة. |
| 942 |
_2ddc _cBK |
||
| 999 |
_c21 _d21 |
||